00473nam a2200157Ia 4500008004000000041000800040082001200048100001700060245001200077260002600089650001200115690002200127906001100149999001900160952013600179210210b1945 xxu||||| |||| 00| 0 eng d aeng a320/313 aKERNER (R G) aBelgium abNot Mentionedc1945 aBelgium aPolitical Science a002060 c118283d118283 001040708Political ScienceaALbALcPolitical Scienced2021-02-17g0.00l0o320/313p002060r2021-02-17 00:00:00w2021-02-17yBK